Kanye West Discography - Statistics

General Stats
  • This quiz has been taken 257 times
  • The average score is 11 of 17
Answer Stats
Year Answer % Correct
2004 The College Dropout
98%
2021 Donda
97%
2018 Ye
97%
2013 Yeezus
96%
2007 Graduation
95%
2005 Late Registration
95%
2010 My Beautiful Dark Twisted Fantasy
93%
2008 808s & Heartbreak
92%
2016 The Life of Pablo
92%
2019 Jesus is King
88%
2022 Donda 2
78%
- Yandhi
33%
Good Ass Job
22%
- Turbo Grafx 16
14%
- Love Everyone
10%
- So Help Me God
10%
Thank God For Drugs
10%
No matching quizzes found
Score Distribution
Percent of People with Each Score
Percentile by Number Answered
Your Score History
You have not taken this quiz